[Event "INA-ROW m"]
[Site "Bali"]
[Date "1999.05.09"]
[Round "8"]
[White "Van den Doel, Erik"]
[Black "Juswanto, Denny"]
[Result "0-1"]
[WhiteElo "2535"]
[BlackElo "2465"]
[Annotator "Ribli,Z"]
[PlyCount "60"]
[EventDate "1999.05.??"]
[EventType "team"]
[EventRounds "8"]
[EventCountry "INA"]
[SourceTitle "CBM 071"]
[Source "ChessBase"]
[SourceDate "1999.08.01"]
[SourceVersion "1"]
[SourceVersionDate "1999.08.01"]
[SourceQuality "1"]

{[%mdl 2080]} 1. e4 c5 2. Nf3 e6 3. Nc3 {Das ist eigentlich nur Zugumstellung,
aber Weiß kann auf diese Weise einige Varianten, z.B. den Sizilianische
Angriff (1.e4 c5 2.Nf3 e6 3.d4 cxd4 4.Nxd4 Nf6 5.Nc3 Bb4) verhindern, denn
nach 3...Nf6 kommt jetzt 4.e5. Ribli.} a6 4. d4 cxd4 5. Nxd4 b5 6. Bd3 Bb7 (
6... Qb6 {Diese Variante war in letzter Zeit sehr beliebt, aber statt 7.Nb3,
was früher gespielt wurde, ist der Zug 7.Be3 stark und nach 7...Bc5 8.Be2! Nc6
9.Nxc6 erreicht Weiß Eröffnungsvorteil, denn nach 9...Bxe3 10.fxe3 dxc6 kommt
11.Qd4.}) 7. O-O Qc7 8. Re1 Nf6 (8... d6 9. a4 $1 bxa4 (9... b4 10. Nd5 exd5
11. exd5+ Ne7 12. Nf5 Kd8 13. Bg5 f6 14. Nd4 Bxd5 15. Be4 Qb7 16. Bxd5 Qxd5 17.
Ne6+ Kc8 18. Qg4 $44 {1-0 Stocek,J-Protaziuk,G/Zagan 1995/EXT 97 (31)}) 10.
Rxa4 Nf6 11. Rc4 Qd8 12. Rb4 Qc7 13. Bg5 Be7 14. Bc4 Nc6 15. Nxc6 Bxc6 16. Bxf6
gxf6 17. Rb3 Rg8 18. Qh5 Rg6 19. Qxh7 f5 20. Nd5 {1-0 Ribli,Z-Tokaji Nagi/
Magyaroszag 1967/Inf 04 (38)}) (8... b4 $6 {N} 9. Nd5 $1 (9. Nce2 Nf6 10. Ng3
Bc5 11. Nb3 Bd6 12. Bd2 Nc6 13. c3 a5 14. Nd4 Bc5 15. Be3 Ne5 16. Nb5 Qb6 17.
Bxc5 Qxc5 18. cxb4 {1-0 Tiviakov,S-Anand,V/Tilburg 1992/CBM 32 (54)}) 9... exd5
10. exd5+ Kd8 11. Qh5 $1 (11. Qf3 $2 {1/2-1/2 Kindermann,S-Polgar,J/Aruba 1992/
Inf 54/[Kindermann,S] (21)}) 11... g6 (11... d6 12. Bg5+ Nf6 (12... Be7 13.
Qxf7) 13. Bxf6+ gxf6 14. Re3 {/\ Rae1+/-}) 12. Qe2 Be7 13. Bh6 $1 Nxh6 (13...
Qc5 14. Bg7 Bf6 15. Bxf6+ Nxf6 16. Qe5) 14. Qxe7+ Kc8 15. Qg5 $16 {/\} Qc5 16.
Nf3 Nf5 17. Bxf5 gxf5 18. Rad1) (8... Bd6 9. Nf3 b4 10. Na4 Nc6 11. Be3 Ne5 12.
Nxe5 Bxe5 13. Qh5 Nf6 14. Qh4 Qc6 15. Qg5 d6 16. f4 {1-0 Krakops,M-Kunte,A/
Zagan 1997/CBM 59 ext (51)}) 9. Bg5 $6 {Nach meiner Meinung wäre 9.e5 die
logische Konsequenz von 8.Re1.} (9. e5 $5 Nd5 10. Bd2 Nxc3 11. Bxc3 Nc6 12.
Nxc6 Bxc6 13. Qg4 $14) 9... Bd6 $5 $13 {Schwarz verhindert e4-e5 und es hängt
h2. Wegen 8.Re1 kann Weiß jetzt nicht f2-f4 ziehen.} (9... h6 $6 10. Bxf6 gxf6
11. a4 b4 12. Nd5 $1 exd5 13. exd5+ Kd8 14. Qf3 Qb6 $8 15. c3 a5 $1 16. Be4 Bc5
17. Nb3 (17. d6 Kc8 18. Bxb7+ Qxb7 19. Qxf6 Rg8 20. Qg7 Rd8 21. Nb5 $16) 17...
Na6 18. Nd2 f5 19. Qxf5 Rf8 20. Nc4 {1/2-1/2 Kudrin,S-Moldobaev,E/Moscow 1994/
CBM 44 ext/[Kudrin] (50)} (20. d6 $1 Kc8 21. Nc4 $16)) 10. Bxf6 (10. Nf3 Ng4
11. h3 Ne5 $11 (11... Bh2+ 12. Kf1 (12. Kh1 $4 Nxf2# {[%cal Rf2h1]}) 12... Ne5
13. g3 {[%csl Rh2]})) 10... gxf6 {[%cal Gb7g2,Gd6h2]} (10... Bxh2+ 11. Kh1 gxf6
12. g3 $13) 11. h3 (11. g3 Be5 (11... h5 12. Bxb5 h4 $13 (12... axb5 13. Ndxb5
$18 {[%cal Rb5d6,Rb5c7]})) 12. Nce2 h5 $5) (11. Qh5 $5) 11... Be5 {[%csl Ge5]
Schwarz besitzt das Läuferpaar und die halboffene g-Linie. Er sollte daher
stets Chancen für einen Angriff am Königsflügel haben.} 12. Bf1 (12. Nce2 Rg8 {
[%csl Yg2][%cal Gg8g1]}) 12... Nc6 13. Nf3 (13. Nxc6 dxc6 {[%csl Ge5]}) 13...
O-O (13... Bxc3 14. bxc3 Ne5 $11) 14. Nxe5 fxe5 {[%csl Ge5,Ge6] Die
Doppelbauern kontrollieren die wichtigsten zentralen Punkte.} 15. a4 b4 16. Ne2
Ne7 {[%cal Gd7d5,Gf7f5] Schwarz kann im folgenden entweder ...d7-d5 oder ...
f7-f5 ziehen. Der weiße Läufer steht passiv und Weiß findet in der gesamten
Partie keinen guten Plan.} 17. Ng3 (17. c3 $5) 17... Ng6 {[%cal Gg6f4]} 18. Qd2
{[%cal Gd2b4,Gd2h6]} a5 19. Rad1 d5 20. Bd3 (20. exd5 exd5 $15 {[%csl Gd5,Ge5]}
) 20... d4 {Schwarz hat Raumvorteil und spürbaren druck auf den schwarzen
Feldern.} 21. Qh6 {Dieser Zug ist nur scheinbar aktiv. Weiß kann keinen
Angriff am Königsflügel aufziehen.} f6 (21... Nf4 22. Qg5+ Kh8 23. Qf6+ Kg8 {
Weiß hat Dauerschach, aber nicht mehr.}) 22. Ne2 Rac8 23. b3 {[%csl Yc4] Weiß
möchte Bc4 ziehen.} Kh8 {Im Falle von 24.Bc4 ein Verteidigungszug, ansonsten
bereitet Schwarz ...Rg8 vor.} 24. Kh1 (24. Bc4 Qg7 (24... Qf7) 25. Qxg7+ Kxg7
$15) 24... Rf7 $15 25. h4 $6 {Mit diesem zug handelt sich Weiß später nur
Probleme ein.} Rg8 $1 {Schwarz hat spürbares Übergewicht am Königsflügel und
kann seine Reserven in der g-Linie mobilisieren.} 26. Rg1 Qe7 {[%cal Gf6f5]
Schwarz bereitet ...f6-f5 vor. Die Dame nimmt h4 ins Visier.} 27. h5 (27. Kh2
f5 28. exf5 Nxh4 $17) 27... Nh4 $5 $17 (27... Nf8 $17 {Es droht 28...f5 nebst
29...Qh4#.}) 28. Ng3 (28. g3 f5 $19 {[%csl Rh1][%cal Gb7h1]}) 28... f5 $1 {
[%csl Rh1][%cal Gb7h1]} 29. exf5 Nxf5 (29... Nf3 {[%cal Re7h4,Rh4h1]} 30. gxf3
Bxf3+ 31. Rg2 Bxd1 $17) 30. Nxf5 Rxf5 $19 {[%csl Rh1][%cal Re7h4,Rh4h1] Und
Weiß gab auf.} (30... Rxf5 31. Bxf5 Qh4+ 32. Bh3 Qxh3#) (30... exf5 $19) 0-1

[Event "Sigeman & Co 07th"]
[Site "Malmo"]
[Date "1999.06.08"]
[Round "1"]
[White "Hector, Jonny"]
[Black "Movsesian, Sergei"]
[Result "0-1"]
[WhiteElo "2542"]
[BlackElo "2650"]
[Annotator "Ribli,Z"]
[PlyCount "88"]
[EventDate "1999.06.??"]
[EventType "tourn"]
[EventRounds "9"]
[EventCountry "SWE"]
[EventCategory "14"]
[SourceTitle "CBM 072"]
[Source "ChessBase"]
[SourceDate "1999.10.01"]
[SourceVersion "1"]
[SourceVersionDate "1999.10.01"]
[SourceQuality "1"]

{[%mdl 2080]} 1. e4 c5 2. Nf3 e6 3. d4 cxd4 4. Nxd4 a6 5. Nc3 b5 {Eine
extravagante Fortsetzung. Schwarz entwickelt sich nicht, sondern gewinnt Raum
am Damenflügel. Diese scharfe Fortsetzung ist in letzter Zeit sehr beliebt.
Ribli.} 6. Bd3 Qb6 7. Nf3 {Eine seltene Fortsetzung. Weiss spielt nicht den
traditionellen Plan mit Nb3, 0-0, f4, sondern möchte mit eventuellem e5 im
Zentrum spielen. Meines Erachtens ist das völlig ungefährlich für Schwarz.} (7.
Be3 $5 Bc5 8. Be2 Nc6 9. Nxc6 dxc6 10. Bxc5 Qxc5 11. Qd3 $14 {Das ist das
letzte Wort der Theorie.}) (7. Nb3 Qc7 8. O-O Bb7 $13) 7... Qc7 {Auf diese
Weise kann Schwarz die Fortsetzung 8.a4 b4 9.a5 (mit Tempo) vermeiden.} (7...
d6 $5 8. a4 (8. O-O Nc6 9. Re1 (9. Qe2 Nf6 10. a4 b4 11. Nb1 Be7 12. Nbd2 O-O
13. Nc4 Qc7 14. a5 Nd7 15. Bf4 Bb7 16. Rfd1 Nce5 17. Nfxe5 dxe5 18. Be3 {
1-0 Spraggett,K-Boudy,J/Montreal 1996/EXT 99 (43)}) 9... Nf6 10. Bf4 Bb7 11.
Qe2 b4 12. Nd1 Be7 13. Ne3 Nh5 14. Bg5 Qd8 15. Bxe7 Qxe7 16. Qd2 O-O 17. Nc4
Rad8 18. a3 d5 {1/2-1/2 Beganovic,E-Sokolov,I/IV Finale Kupa BiH 1998 (76)})
8... b4 9. a5 Qc7 (9... Qb7 10. Na4 Nd7 11. O-O Ngf6 12. Re1 Be7 13. Nd2 Qc6
14. Nc4 Bb7 15. Nab6 Rd8 16. Qe2 O-O 17. Bg5 h6 18. Bh4 {1/2-1/2 Nisipeanu,
L-Horvath,C/Sovata 1998/EXT 99 (31)}) 10. Na4 Nd7 11. Be3 Bb7 12. Nb6 Rb8 13.
Qe2 Ngf6 14. Bxa6 Bxa6 15. Qxa6 Nxe4 16. O-O d5 17. Nxd7 Qxd7 18. Ne5 Qc8 {
0-1 Fishbein,A-Hracek,Z/New York 1998/CBM 64 (58)}) (7... Nc6 8. e5 f5 9. O-O
Bc5 $13) 8. e5 $6 {Ein aggressiver Zug. Weiss beginnt sofortige Aktionen im
Zentrum. Interessant, dass der schwedische Grossmeister früher schon die
richtige Fortsetzung 8.0-0 gespielt hat.} (8. O-O Bb7 9. Bg5 (9. Re1 d6 10. Bf4
Nd7 11. a4 e5 12. Bd2 bxa4 13. Rxa4 Ngf6 14. Nd5 Nxd5 15. exd5 Bxd5 16. Nd4 Nc5
17. Ra3 g6 18. Bf1 Bg7 19. Bb4 Bb7 20. Nb3 {1/2-1/2 Najer,E-Movsesian,S/Open,
Groningen NED 1998 (29)}) 9... b4 10. Nb1 Nf6 11. Nbd2 Nc6 12. Nc4 d6 13. Rc1
Be7 14. c3 O-O 15. Bb1 bxc3 16. Rxc3 Rfd8 17. Qc2 Rac8 18. e5 dxe5 19. Ncxe5 g6
20. Qa4 Nd5 21. Nxc6 Bxc6 22. Qh4 f6 23. Rxc6 Qxc6 $15 {1-0 Hector,J-Akesson,R/
Malmoe 1999/CBM 72_02 (39)}) 8... Ne7 {Schwarz spielt (noch) nicht ...d7-d6,
denn erstmal hat er Spiel gegen des e5-Bauern.} (8... d6 9. exd6 Bxd6 10. O-O
$14) 9. O-O (9. Ne4 Ng6 $13) 9... Ng6 10. Re1 (10. Be4 Bb7 $13) 10... Bb7 $11 {
Weiss hat Entwicklungsvorteil, aber die schwarze Stellung ist fest und ohne
Schwächen.} 11. Bxg6 {Das ist eine schwere Entscheidung von Weiss. Er gibt das
Läuferpaar auf, beseitigt aber einen Angreifer des Bauern e5.} (11. h4 Bxf3 12.
Qxf3 Nc6 13. Bxg6 hxg6 $15) 11... hxg6 12. Ne4 Bxe4 {Jetzt gibt Schwarz das
Läuferpaar auf, aber er bekommt leichtes und mindestens gleiches Spiel.} 13.
Rxe4 d5 $6 14. Rg4 $6 {Der Turm steht unglücklich auf g4, denn Weiss hat keine
konkreten Angriffschancen am Königsflügel.} (14. exd6 Bxd6 15. h3 $11 {Schwarz
hat keine Problemen, aber Weiss kann seine Stellung halten.}) 14... Nd7 15. Bf4
Be7 {Unsere Stellung ist typisch für die Französische Verteidigung. Das
Zentrum ist geschlossen, aber Schwarz hat Spiel am Damenflügel.} 16. c3 O-O 17.
Bg3 $6 (17. Bg5 $5 $11) 17... Rfc8 {[%cal Gc8c4] Schwarz räumt das Feld f8 für
den Läufer und kontrolliert die halboffene c-Linie.} 18. Qe2 Qb7 {[%cal Gc8c4]}
19. Nd2 (19. Nd4 $11) 19... Nb6 {[%cal Gb6c4,Gc4b2,Gb6a4,Ga4b2]} 20. Bh4 Bf8 $5
(20... Bxh4 21. Rxh4 {[%cal Gh4h8] Hier hätte Weiss Angriffschancen. Er droht
Qe3-Qh3 oder Qg4-Qh3 zu spielen.}) 21. Re1 Nc4 22. Nb3 $2 (22. Nxc4 bxc4 23.
Bg5 $11 {[%cal Gg5c1] Theoretisch entfaltet Schwarz etwas Initiative, aber
Weiss kann seine Schwäche auf b2 verteidigen.}) 22... b4 $15 {Auf diese Weise
öffnet Schwarz eine weitere Linie am Damenflügel. Die Partie ist ein gutes
Beispiel zum Thema Minoritätsangriff.} 23. Bg5 (23. cxb4 Bxb4 24. Rd1 a5 $15)
23... bxc3 24. bxc3 {[%csl Rc3] Der weisse c-Bauer ist eine ewige positionelle
Schwäche.} Qb8 {[%cal Gb8e5,Gc4e5] Schwarz kontrolliert den e5-Bauern und
bindet die weisse Dame.} 25. Rg3 {Weiss möchte den Plan Rh3, Qg4-Qh4 ausführen.
} Na3 {[%cal Ga3b5,Gb5c3,Gc8c4]} 26. h4 Nb5 {[%csl Rc3]} 27. Rc1 Rc4 {[%csl
Rc3,Gc4][%cal Gb8c7,Ga8c8,Gc8c3,Gc4h4] Der schwarze Turm steht auf c4
ausgezeichnet und kontrolliert auch die vierte Reihe.} 28. Nd2 Rc6 29. Nb1 (29.
c4 Nd4 30. Qg4 Nf5 $17) 29... Qc7 30. h5 Nd4 $1 (30... gxh5 31. Bf6 $132 (31.
Qxh5 Qxe5 32. Rh3 f6 $17)) 31. Qg4 Nf5 {[%csl Gf5]} 32. Rh3 Rc4 {[%csl Gc4]}
33. Qd1 Qxe5 $17 {Schwarz hat einen Bauern gewonnen und der weisse Angriff ist
nicht gefährlich.} 34. Nd2 Rc6 35. hxg6 fxg6 {Schwarz hat Doppelbauern in der
g-Linie, aber bei Bedarf ein Luftloch auf f7.} 36. Nf3 Qd6 37. g4 Nh6 $1 (37...
Ne7 38. Qe2 Rc4 39. Ne5 Re4 40. Qxe4 dxe4 41. Rh8+ Kxh8 42. Nf7+ {[%cal Rf7d6,
Rf7h8]} Kh7 43. Nxd6 $14) 38. Nd4 (38. Bh4 e5 $17) 38... Rc4 39. f4 {Weiss
muss so spielen, sonst kommt Schwarz mit ...e6-e5.} Nf7 {[%csl Rg5]} 40. Qe1
Qa3 {[%csl Ga3][%cal Ga3c1,Ga3h3,Rc4d4] Es droht 41...Rxd4, denn der Turm h3
ist nicht verteidigt.} 41. Kg2 (41. Nxe6 Re4 42. Re3 Bc5 43. Nxc5 Qxc5 $19)
41... Bc5 42. Nc2 (42. Nxe6 Re4 $19) 42... Qb2 $19 {[%csl Rg2,Rg5][%cal Gb2g2,
Gc4g4] Schwarz hat das viel bessere Figurenspiel.} 43. Qd2 Nxg5 44. fxg5 Rf8 {
[%csl Rg2][%cal Rf8f2,Rf2d2,Rf2g2,Gb2g2,Rc4g4] Und Weiss gab auf, denn er kann
sich der vielseitigen Drohungen nich erwehren.} (44... Rxg4+ $19) 0-1

[Event "Amsterdam m"]
[Site "Amsterdam"]
[Date "1995.09.26"]
[Round "4"]
[White "Timman, Jan H"]
[Black "Piket, Jeroen"]
[Result "1-0"]
[WhiteElo "2595"]
[BlackElo "2625"]
[Annotator "Ribli,Z"]
[PlyCount "80"]
[EventDate "1995.09.??"]
[EventType "match"]
[EventRounds "10"]
[EventCountry "NED"]
[SourceTitle "CBM 050"]
[Source "ChessBase"]
[SourceDate "1996.02.01"]
[SourceVersion "1"]
[SourceVersionDate "1996.02.01"]
[SourceQuality "1"]

1. e4 c5 2. Nf3 e6 3. d4 cxd4 4. Nxd4 a6 5. Nc3 Qc7 6. g3 Bb4 7. Nde2 Nf6 8.
Bg2 Be7 9. O-O Nc6 10. Nf4 O-O 11. g4 d6 12. g5 Nd7 13. Nd3 b5 14. f4 (14. a3
Bb7 15. f4 b4 16. axb4 Nxb4 17. Nxb4 Qb6+ 18. Kh1 Qxb4 $13 {Pandavos,E-Farago,
I/Xanti/1990/INF50,201/}) 14... b4 15. Ne2 Bb7 16. Kh1 {Eine Neuerung} (16. b3
Rfe8 17. Bb2 Rac8 18. Qe1 d5 $13 {Nikolenko,O-Cherevatenko,R/Katowice op/1995/
EXP47/}) 16... Rfc8 {Eine interessante, neue Idee: Schwarz will nicht am
Koeningflugel verteidigen, sondern sofort am Damenfluegel angreifen.} (16...
Rfe8 $5) 17. Be3 Na5 $5 18. Rc1 (18. Nxb4 d5 $15) 18... Nc5 {>< e4} 19. Nxc5
dxc5 20. c4 $1 Rd8 21. Qc2 Nc6 22. e5 Rd7 23. Rcd1 {Das Spiel ist
ausgegliechen. Man erwartet hier Tuermentausch auf der d-Linie und dann Remis.}
Rad8 24. Kg1 a5 25. Kf2 Kh8 26. Be4 $2 (26. Rxd7 Qxd7 27. Be4 $10) 26... Rxd1
27. Rxd1 Rxd1 28. Qxd1 {[#]} Nxe5 $1 {Eine sehr unangenehme Ueberraschung.} 29.
Bxb7 Ng4+ 30. Kf3 Nxe3 $2 {Schwarz war zufrieden mit seiner schoenen
Kombination einen Bauern erobert zu haben, aber er hätte noch tiefer in die
Stellung schauen sollen. Es ging noch besser!} (30... Qxb7+ $1 31. Kxg4 Qg2+
32. Kh4 (32. Ng3 h5+ $1 33. gxh6 (33. Kxh5 Qh3#) 33... f5+ 34. Kh5 Kh7 $1 $19 (
34... Qh3+ 35. Kg6 Qxh6+ 36. Kf7 Qf6+ 37. Ke8 Qf8+ 38. Kd7 Qd8+ 39. Kxe6 Qxd1
$19)) 32... Qxh2+ 33. Kg4 Qg2+ 34. Kh4 Qf3 35. Bxc5 (35. Qd7 h5 $1 $19) 35...
h5 $1 $19 {Hochwarhscheinlich hat der Nachziehende diesen Zug nicht gesehen.})
31. Kxe3 Qxb7 32. Qa4 $1 Qc8 33. Qxa5 e5 34. Qa7 exf4+ 35. Nxf4 Qe8 36. Kf3 Kg8
37. h4 Bf8 38. a4 bxa3 39. bxa3 Qe1 40. a4 Qf1+ {Time 1.45-2.00  In dieser
Remisstellung ueberschritt Schwarz die Bedenkzeit. Eine sehr bittere
Niederlage für Schwarz.} 1-0

[Event "Redbus KO"]
[Site "Southend"]
[Date "1999.04.02"]
[Round "1.2"]
[White "Pein, Malcolm"]
[Black "King, Daniel J"]
[Result "1-0"]
[WhiteElo "2425"]
[BlackElo "2506"]
[Annotator "Ribli,Z"]
[PlyCount "65"]
[EventDate "1999.04.??"]
[EventType "k.o."]
[EventRounds "4"]
[EventCountry "ENG"]
[SourceTitle "CBM 071"]
[Source "ChessBase"]
[SourceDate "1999.08.01"]
[SourceVersion "1"]
[SourceVersionDate "1999.08.01"]
[SourceQuality "1"]

{[%mdl 640]} 1. d4 e6 {Nach 2.e4 erreichen wir die Französche Verteidigung.
Ribli.} 2. Nf3 c5 3. e4 {Eine ungewöhnliche Zugfolge für die Sizilianische
Verteidigung.} cxd4 4. Nxd4 a6 5. Nc3 Qc7 6. Be2 {Weiß wählt den klassischen
Aufbau, der gegen viele Varianten der Sizilianischen Verteidigung spielbar ist.
Hier ist aber der Zug 6.Bd3 gefährlicher.} b5 7. O-O Bb7 8. Bf3 {Meines
Erachtens bietet die ganze Variante dem Weißen nur wenig. Die Stellung des
Läufers auf f3 wirkt unnatürlich. Wir befinden uns aber in einer theoretischen
Hauptvariante, die, wie die Partie zeigen wird, nicht ohne Gefahren ist.} d6 $5
{Schwarz entwickelt den Springer auf d7. Die Variante 8...Nc6 ist auch gut
spielbar.} (8... Nc6 9. Nxc6 dxc6 10. e5 Qxe5 11. Re1 Qc7 12. Bh5 Nf6 13. Rxe6+
Be7 14. Ne4 (14. Qe2 Nxh5 15. Qxh5 g6 16. Qe5 Qxe5 17. Rxe5 f6 18. Re2 Kf7 19.
Bf4 Rhe8 20. Rd1 Rad8 {0-1 Gonzales,S-Zapata,A/COL-ch 1988/TD (39)}) 14... Nxh5
15. Qxh5 O-O 16. Bf4 Qd7 17. Re5 Rad8 18. Re1 Bb4 19. Nf6+ gxf6 20. Rg5+ {
1-0 Garcia,G-Zapata,A/Medellin 1992/EXT 97 (20)}) (8... Nf6 $2 9. e5 $16) 9.
Re1 {[%cal Ge1e8]} Nd7 10. Bh5 {[%cal Rd4e6,Gh5e8] Eine auf den ersten Blick
sonderbare Fortsetzung, aber es hängt e6. In der sehr alten Partie Keres,P -
Kotov,A (Budapest 1950), damals war die Najdorf-Variante ein seltener Gast in
der Turnierpraxis, gewann Weiß eine sehr schöne Partie nach 1.e4 c5 2.Nf3 d6 3.
d4 cxd4 4.Nxd4 Nf6 5.Nc3 a6 6.Be2 Qc7 7.Bg5 Nbd7 8.0-0 e6 und Weiß spielte
auch 9.Bh5. Nach 9...Qc4 folgte 10.Nxe6!! Qxe6 11.Nd5.} g6 11. Bg4 b4 $6 {
Ein sehr optimistischer Zug. Es wäre besser, die Entwicklung mit 11...Nf6
beenden, wonach das Opfer auf e6 interessant, aber nicht völlig korrekt ist.} (
11... Ngf6 12. Bh3 (12. Bxe6 fxe6 13. Nxe6 {Weiß hat zwei Bauern für die Figur.
Das ist keine ausreichende Kompensation.}) 12... b4 13. Nb1 e5 14. Nb3 Nxe4 15.
Bxd7+ Qxd7 16. Na5 Be7 17. c3 O-O 18. cxb4 Rac8 19. Bh6 Rfe8 20. Nxb7 Qxb7 21.
Nd2 Nf6 {1/2-1/2 Muhutdinov,M-Polugaevsky,L/Sverdlovsk 1957/MCD (66)}) (11...
e5 12. Nb3 Ngf6 13. Bf3 Bg7 14. a3 O-O 15. Bg5 h6 16. Bh4 Kh7 17. Qe2 Rac8 18.
Rad1 Nb6 {1/2-1/2 Niering,M-Jahn,C/OLO-A 1994/GER (48)}) {[#]} 12. Nd5 $5 {
[%cal Rd5c7,Rd5b4] Ein typisches, aber trotzdem schönes Figurenopfer.} exd5 (
12... Qa5 13. Nb3 $16) 13. exd5+ $44 {[%cal Re1e8] Weiß hat nur einen Bauern
für die Figur, aber der d5-Bauer teilt das Brett und es ist nicht leicht, den
schwarzen König in Sicherheit zu bringen.} Be7 (13... Kd8 14. Bxd7 (14. Nc6+
Bxc6 15. dxc6 $44 Qxc6 16. Bf3 Qc8 17. Qd4 $14 {[%cal Rd4h8,Rd4b4]}) 14... Qxd7
15. Qf3 $44) 14. Bxd7+ Qxd7 (14... Kxd7 $5 15. Qg4+ Kd8 (15... f5 16. Nxf5 gxf5
17. Qg7 $13) 16. Qf3 $44) 15. Qf3 {[%csl Yc6,Gf3]} O-O-O (15... Rc8 $5) 16. Nc6
{[%csl Gc6]} Bxc6 (16... Re8 $5) 17. dxc6 {[%csl Gc6] Der Bauer c6 ist für
Schwarz sehr unangenehm.} Qf5 18. Qb3 {[%csl Rb4] Natürlich muß Weiß die Damen
auf dem Brett behalten. Schwarz hat nicht nur eine schwache Königsstellung,
sondern zudem Probleme mit der Figurenkoordination.} Qb5 19. Qxf7 Qxc6 20. a3
$1 {Weiß möchte natürlich den Damenflügel öffnen.} Rf8 (20... Qxc2 $6 21. Be3 {
[%cal Ra1c1,Rc1c8]} Qf5 22. Qc4+ Kd7 23. Qxa6 $40) (20... b3 21. Qxb3 $44) 21.
Qe6+ Kb8 (21... Qd7 22. Qc4+ (22. Qxd7+ $2 Kxd7 23. axb4 Rc8 24. c3 Rc6 $17)
22... Kb7 23. axb4 $44) 22. axb4 {Weiß hat zwei Bauern für die Figur und
Angriff.} Bd8 {[%cal Gd8b6]} (22... Qxc2 23. Be3 $44 {[%cal Ge3d4,Gd4h8]}) 23.
Qe2 {[%cal Ra1a6]} Kb7 24. c4 $1 Bb6 $2 (24... Rf5 25. Be3 $44 {[%csl Rb7]
[%cal Gb4b5]}) {[#]} 25. Rxa6 $1 $16 {[%csl Rb7] Ich bin sicher, daß Schwarz
diesen Zug übersehen hat.} (25. b5 axb5 26. cxb5 Qd5 27. Be3 $44) 25... Nf6 (
25... Bxf2+ 26. Qxf2 Qxa6 27. Qxf8 $18) (25... Rxf2 26. Rxb6+ Qxb6 27. Qxf2
Qxb4 28. Bd2 Qxb2 (28... Qxc4 29. Bc3 $18 {[%cal Rc3h8]}) 29. Qf3+ Ka7 30. Bc3
$18 {[%csl Ra7][%cal Rc3b2,Rc3h8]}) (25... Kxa6 $2 26. b5+ $18 {[%cal Rb5a6,
Rb5c6]}) 26. Be3 {[%csl Rb6,Rb7]} Nd7 27. b5 Qe4 $6 (27... Qc7 28. Bxb6 Nxb6
29. Qe4+ Kb8 (29... d5 30. Qd4 Re8 31. Rea1 $18) 30. Qd4 Nc8 31. Rea1 $18) 28.
Bxb6 $18 {Jetzt kann Weiß sogar schon einfach die Damen tauschen.} Qxe2 29.
Rxe2 Ne5 (29... Nxb6 30. Re7+ {[%csl Rb6]} Kc8 31. Rxb6 $18 {Weiß hat drei
Mehrbauern und eine Gewinnstellung.}) (29... Ra8 30. Bd4 $18) 30. Bd4 Re8 31.
Bxe5 (31. Rxd6 Nxc4 32. Rd7+ Kc8 33. Rxh7 $1 $18) 31... dxe5 32. c5 {[%csl Gb5,
Gc5] Schwarz ist hilflos gegen die verbundenen Bauern.} Rd8 {Die erste und
einzige Drohung des Schwarzen in der Partie ist Grundreihenmatt.} 33. f3 {
Schwarz mußte aufgeben.} 1-0